000 00321nam a22001337a 4500
008 170616b xxu||||| |||| 00| 0 eng d
020 _a9780807844021
041 _aeng
080 _a94(7/8)
100 _a16
101 _aSHH
245 _aTHE UNITED STATES AND LATIC AMERICA IN THE 1990S
_cHARTLYN,J
942 _2udc
_cBK
999 _c17789
_d17789